000
00345nam a22001337a 4500
003
SGT
020
_a
8185137064
082
_a
891.4309
_b
B95A
100
_a
अरविन्द
245
_a
भारत का पुनर्जन्म
260
_b
मीरा अदिति सेंटर
_c
1995
300
_a
293
942
_2
ddc
_c
BK
999
_c
29752
_d
29752